00539nam a2200157Ia 4500008004000000082001300040100004200053245003900095260004700134300000800181650002900189690001600218906001000234999001700244952012000261210210b1991 xxu||||| |||| 00| 0 eng d a248 OSUI aO'SULLIVAN (Patrick) S.J. and others. aIgnatian journey for lay apostles. aGujarat.bGujarat Sahithya Prakash.,c1991 a106 aChristian Experience  aChristianit a04572 c95223d95223 001040708ReligionaALbALcReligiond2021-02-17g30.00l0o248 OSUIp045723r2021-02-17 00:00:00w2021-02-17yBK